| 000 | 00694nam a22002057a 4500 | ||
|---|---|---|---|
| 005 | 20171108145432.0 | ||
| 010 | _a1718CH-EN | ||
| 020 |
_a9781847496362 _c275.00 |
||
| 035 | _aB-672941-954 | ||
| 037 |
_aDPL _bPragati |
||
| 082 | _aN | ||
| 100 | _aNesbit, E. | ||
| 245 |
_aFive children and it / _cby E. Nesbit; illustrated by Ella Okstad |
||
| 260 |
_bAlma Books _aUK _c2017 |
||
| 270 |
_a3 Castle Yard, Richmond, Surrey TW10 6 TF _bUK |
||
| 300 |
_a220p. _c21cm(pbk) |
||
| 700 | _aOkstad, Ella | ||
| 942 |
_2ddc _cCH _mNES _hN |
||
| 999 |
_c141752 _d141752 |
||